Army contracts. (Record no. 92214)
[ view plain ]
| 000 -LEADER | |
|---|---|
| fixed length control field | 00768cam a22002171 4500 |
| 001 - CONTROL NUMBER | |
| control field | war13000127 |
| 003 - CONTROL NUMBER IDENTIFIER | |
| control field | DLC |
| 005 - DATE AND TIME OF LATEST TRANSACTION | |
| control field | 20260227112810.0 |
| 008 - FIXED-LENGTH DATA ELEMENTS--GENERAL INFORMATION | |
| fixed length control field | 780427s1912 ksu 000 0 eng c |
| 010 ## - LIBRARY OF CONGRESS CONTROL NUMBER | |
| LC control number | war13000127 |
| 035 ## - SYSTEM CONTROL NUMBER | |
| System control number | (OCoLC)3832653 |
| 040 ## - CATALOGING SOURCE | |
| Original cataloging agency | Library, War College Div. General Staff |
| Transcribing agency | PCarlMH |
| Modifying agency | OCoLC |
| -- | DLC |
| 050 00 - LIBRARY OF CONGRESS CALL NUMBER | |
| Classification number | UC267 |
| Item number | .P7 |
| 100 1# - MAIN ENTRY--PERSONAL NAME | |
| Personal name | Porter, John Biddle, |
| Dates associated with a name | 1858-1915. |
| 245 00 - TITLE STATEMENT | |
| Title | Army contracts. |
| Statement of responsibility, etc. | A course of three lectures delivered before the student officers of the Army service schools by Lieutenant-Colonel J.B. Porter. |
| 260 ## - PUBLICATION, DISTRIBUTION, ETC. | |
| Place of publication, distribution, etc. | Fort Leavenworth, Kan. |
| Name of publisher, distributor, etc. | [School Press] |
| Date of publication, distribution, etc. | 1912. |
| 300 ## - PHYSICAL DESCRIPTION | |
| Extent | 84 p. |
| Dimensions | 20 cm. |
| 500 ## - GENERAL NOTE | |
| General note | Cover title. |
| 610 10 - SUBJECT ADDED ENTRY--CORPORATE NAME | |
| Corporate name or jurisdiction name as entry element | United States. |
| Subordinate unit | Army |
| General subdivision | Procurement. |
| 710 2# - ADDED ENTRY--CORPORATE NAME | |
| Corporate name or jurisdiction name as entry element | Army Service Schools (U.S.) |
No items available.